00497cam a22001457a 4500008004000000082001600040100001700056245006300073260003600136300001000172500004200182650002100224999001900245952008700264180718b1959 xxu||||| |||| 00| 0 eng d aA6x438 L586 aLewis, Flora aThe polish volcano: a case history of hopecby Flora Lewis aLondonbSpecker & Warburgc1959 a267p. a25/-; Firs pub. N.Y., Doubleday, 1958 aPoland - History c480388d480388 00104070aIIPAbIIPAd2018-08-04oA6x438 L586pGR458r2018-08-04w2018-08-04yGR